Vista normal
Vista MARC
Entrada Topical Term
Número de registros utilizados en: 1
001 - CONTROL NUMBER
- control field: 23298
003 - CONTROL NUMBER IDENTIFIER
- control field: OSt
005 - DATE AND TIME OF LATEST TRANSACTION
- control field: 20230915231044.0
008 - FIXED-LENGTH DATA ELEMENTS
- fixed length control field: 230915|| aca||aabn | a|a d
040 ## - CATALOGING SOURCE
- Original cataloging agency: OSt
- Transcribing agency: OSt
150 ## - HEADING--TOPICAL TERM
- Topical term or geographic name entry element: Investigación PARTICIPATIVA
670 ## - SOURCE DATA FOUND
- Source citation: Work cat.: (OSt)26189: Rodriguez Villasante, Tomás; Montañes, Manuel; Martín, Pedro 23297, Prácticas locales de creatividad social : , 2001